Performance of rubber under sustainable farming system model (Cacao, Coffee and Goat as intercrop) (Record no. 64780)

MARC details
000 -LEADER
fixed length control field 00663nam a2200145Ia 4500
100 ## - MAIN ENTRY--AUTHOR NAME
Personal name Cena R L
245 #0 - TITLE STATEMENT
Title Performance of rubber under sustainable farming system model (Cacao, Coffee and Goat as intercrop)
260 ## - PUBLICATION, DISTRIBUTION, ETC. (IMPRINT)
Name of publisher Sustainability of the NR Industry: Issues, Challenges & Opportunities: International Rubber Conference,21-22 November 2016, Cambodian Rubber Research Institute (CRRI) and International Rubber Research and Development Board (IRRDB), Siem Reap, Cambodia, p.449.
650 ## - SUBJECT ADDED ENTRY--TOPICAL TERM
Topical Term Economic viability
650 ## - SUBJECT ADDED ENTRY--TOPICAL TERM
Topical Term Farming system
650 ## - SUBJECT ADDED ENTRY--TOPICAL TERM
Topical Term Intercrop
700 ## - ADDED ENTRY--PERSONAL NAME
Personal name Siladan M U
942 ## - ADDED ENTRY ELEMENTS (KOHA)
Koha item type Journals
Holdings
Withdrawn status Lost status Damaged status Not for loan Home library Current library Shelving location Date acquired Koha item type
      Journals RRII Library RRII Library Agronomy 01/01/2021 Journals